000 00365nam a2200133Ia 4500
008 210210b1992 xxu||||| |||| 00| 0 eng d
082 _a025.42 SRIT
100 _aSRIVASTAVA (Anand P).
245 _aTheory of knowledge classification for librarians.
260 _aND
_bThe Learning Laboratory
_c1992
300 _a115
690 _aLibrary Science
906 _a047469
999 _c96379
_d96379